Evaluating the effectiveness of human resources outsourcing on operational performance. A case of Zambia breweries (Record no. 84151)

MARC details
000 -LEADER
fixed length control field 00919 a2200265 4500
003 - CONTROL NUMBER IDENTIFIER
control field CBULib
005 - DATE AND TIME OF LATEST TRANSACTION
control field 20240126065137.0
008 - FIXED-LENGTH DATA ELEMENTS--GENERAL INFORMATION
fixed length control field 240126b |||||||| |||| 00| 0 eng d
040 ## - CATALOGING SOURCE
Language of cataloging English
Transcribing agency CBULib
Description conventions rda
041 ## - LANGUAGE CODE
Language code of text/sound track or separate title eng
050 ## - LIBRARY OF CONGRESS CALL NUMBER
Classification number CBU-PG THESIS/SAK
100 ## - MAIN ENTRY--PERSONAL NAME
Personal name Sakala, Lestina
9 (RLIN) 2102
245 ## - TITLE STATEMENT
Title Evaluating the effectiveness of human resources outsourcing on operational performance. A case of Zambia breweries
Statement of responsibility, etc / by Lestina Sakala
260 ## - PUBLICATION, DISTRIBUTION, ETC. (IMPRINT)
Name of publisher, distributor, etc Copperbelt University,
Date of publication, distribution, etc 2023
Place of publication, distribution, etc Kitwe :
300 ## - PHYSICAL DESCRIPTION
Extent x, 62 pages : illustration
336 ## - CONTENT TYPE
Source rdacontent
Content type term Text |
Content type code txt
337 ## - MEDIA TYPE
Source rdamedia
Media type term Unmediated |
Media type code n
338 ## - CARRIER TYPE
Source rdacarrier
Carrier type term Volume
Carrier type code nc
500 ## - GENERAL NOTE
General note includes bibliographical references and appendices
650 #0 - SUBJECT ADDED ENTRY--TOPICAL TERM
9 (RLIN) 2103
Topical term or geographic name as entry element HUMAN RESOURCE
650 #0 - SUBJECT ADDED ENTRY--TOPICAL TERM
9 (RLIN) 2104
Topical term or geographic name as entry element HUMAN RESOURCE OUTSOURCING
650 #0 - SUBJECT ADDED ENTRY--TOPICAL TERM
9 (RLIN) 2105
Topical term or geographic name as entry element OPERATIONAL PERFORMANCE
650 #0 - SUBJECT ADDED ENTRY--TOPICAL TERM
9 (RLIN) 2106
Topical term or geographic name as entry element ZAMBIA BREWERIES
942 ## - ADDED ENTRY ELEMENTS (KOHA)
Source of classification or shelving scheme
Koha item type UNIVERSITY COLLECTION
Holdings
Withdrawn status Lost status Source of classification or shelving scheme Damaged status Not for loan Collection code Permanent Location Current Location Shelving location Date acquired Source of acquisition Total Checkouts Full call number Barcode Date last seen Copy number Price effective from Koha item type
          Special Collections CBU-MAIN LIBRARY, KITWE. CBU-MAIN LIBRARY, KITWE. Special Collections 01/26/2024 DEP-CBU   CBU-PG THESIS/SAK B84151 01/26/2024 1 01/26/2024 UNIVERSITY COLLECTION